Собрание сочинений: В 9-ти т. Пер. с польского

Dettagli Bibliografici
Autore principale: Сенкевич Г. Генрик
Altri autori: Горский И. К. Иван Константинович (редактор), Сахаров А., Себастьянова А., Стахеев Б., Цыбенко Е.
Lingua:russo
Pubblicazione: Москва, Художественная литература, 1983-
Natura: MixedMaterials Libro
KOHA link:https://koha.lib.tpu.ru/cgi-bin/koha/opac-detail.pl?biblionumber=164771

MARC

LEADER 00000nam1a2200000 4500
001 164771
005 20231101222515.0
020 |a RU  |b 83-59092 
035 |a (RuTPU)RU\TPU\book\178765 
090 |a 164771 
100 |a 20090910g1983 m y0rusy5003 ca 
101 1 |a rus  |c pol 
200 1 |a Собрание сочинений  |e В 9-ти т. Пер. с польского  |f Генрик Сенкевич  |g Редкол.: И. Горский и др. 
210 |a Москва  |c Художественная литература  |d 1983- 
675 |a 89д-6  |z rus 
700 1 |a Сенкевич  |b Г.  |c польский писатель  |c Нобелевский лауреат  |f 1846-1916  |g Генрик  |2 stltpush  |3 (RuTPU)RU\TPU\pers\21401  |9 9000 
702 1 |a Горский  |b И. К.  |g Иван Константинович  |4 340 
702 1 |a Сахаров  |b А.  |4 340 
702 1 |a Себастьянова  |b А.  |4 340 
702 1 |a Стахеев  |b Б.  |4 340 
702 1 |a Цыбенко  |b Е.  |4 340 
801 0 |a RU  |b RuMRKP  |c 19950704  |g psbo 
801 1 |a RU  |b 63413507  |c 20090910 
801 2 |a RU  |b 63413507  |c 20160411  |g RCR 
942 |c BK